| 000 | 00789nam a2200217Ii 4500 | ||
|---|---|---|---|
| 003 | JO-AjNU | ||
| 008 | 230605s9999||||xx |||||||||||||| ||und|| | ||
| 017 | _a210/9/3250 | ||
| 040 |
_aJO-AjNU _bara _erda _cJO-AjNU |
||
| 041 | _aara | ||
| 050 | 1 | 4 | _aLC3993.Q674 2011 |
| 100 | 3 |
_aالقمش، مصطفى نوري, _eauthor _942663 |
|
| 245 | 0 | 0 | _aمقدمة في الموهبة والتفوق العقلي = Introduction to Gifted & Mental Talent |
| 250 | _aط1 | ||
| 264 | 3 | 1 | _aعمان:دار المسيرة،2011 |
| 300 | _a462ص | ||
| 336 |
_atext _btxt _2rdacontent |
||
| 337 |
_aunmediated _bn _2rdamedia |
||
| 338 |
_avolume _bnc _2rdacarrier |
||
| 650 | 4 |
_aالأطفال الموهوبون-الموهوبون-رعاية. الموهوبون-تعليم-الموهبة- _942664 |
|
| 999 |
_aA18285 _c21853 _d21853 |
||